| 000 | 00531cam a2200205ua 4500 | ||
|---|---|---|---|
| 020 | _c1.25 | ||
| 041 |
_amal _h |
||
| 082 |
_a925.30 _bSRE/SI |
||
| 100 | _aSreedharan Pillai, P . | ||
| 245 |
_aSir Issac Newton / _cP Sreedharan Pillai. _hTextual Documents |
||
| 250 |
_a1 / _b. |
||
| 260 |
_aTrivandrum : _bKerala University , _c1957. |
||
| 300 | _a147 ; . | ||
| 365 | _a1.25 | ||
| 440 | 0 |
_aUniversities Series, _v34 _x; |
|
| 490 | 0 |
_aUniversities Series, _v34 _x; |
|
| 504 | _a | ||
| 942 | _cBK | ||
| 999 |
_c5001 _d5001 |
||